000 00300nam a2200109Ia 4500
008 220204s9999 xx 000 0 und d
082 _a33(548.3)
_bKER
245 0 _aEconomic review: Kerala 1974-77
260 _aTrivandrum
_bState Planning Board
_c1976
650 _aKerala Economic Review
942 _cBK
999 _c44945
_d44945